[Event "Prvenstvo SSFBiH 2015"]
[Site "Lukavac"]
[Date "2016.04.01"]
[Round "2.5"]
[White "Sutkovic, Damir"]
[Black "Coric, Ahmed"]
[Result "1-0"]
[WhiteElo "2304"]
[BlackElo "2079"]
[PlyCount "95"]
[EventDate "2016.03.31"]

1. b3 d5 2. Bb2 Nf6 3. e3 Bf5 4. Nf3 e6 5. Be2 Bd6 6. Nh4 Bg6 7. d3 Nbd7 8. Nd2
c6 9. g3 O-O 10. O-O a5 11. a3 Ne8 12. e4 Be7 13. Nxg6 hxg6 14. Nf3 Bf6 15. e5
Be7 16. h4 c5 17. c4 Nc7 18. a4 Na6 19. Re1 Nb4 20. Bf1 Qc7 21. Qe2 Rfd8 22.
Rad1 Nf8 23. d4 b6 24. Bc3 Rac8 25. Bxb4 axb4 26. Rc1 Qb8 27. dxc5 bxc5 28.
Red1 d4 29. Bh3 Rc6 30. Rd3 Qc7 31. Re1 Nd7 32. Nd2 Ra6 33. f4 Nb6 34. Bg2 Nd7
35. Qg4 Nf8 36. Be4 Nd7 37. Nf3 Kf8 38. Kf2 Ke8 39. Bxg6 fxg6 40. Qxg6+ Kf8 41.
h5 Bf6 42. exf6 Nxf6 43. Ne5 Ng8 44. g4 Qe7 45. g5 Qe8 46. Qh7 Ra7 47. Ng6+ Kf7
48. f5 1-0

[Event "Prvenstvo SSFBiH 2015"]
[Site "Lukavac"]
[Date "2016.04.01"]
[Round "2.6"]
[White "Pasalic, Adnan"]
[Black "Mrndjic, Muamer"]
[Result "1-0"]
[WhiteElo "2064"]
[BlackElo "2261"]
[PlyCount "119"]
[EventDate "2016.03.31"]

1. d4 Nf6 2. c4 g6 3. Nc3 Bg7 4. Nf3 O-O 5. Bg5 d6 6. e3 Nbd7 7. Be2 h6 8. Bh4
g5 9. Bg3 Nh5 10. Qc2 Nxg3 11. hxg3 e5 12. O-O-O Re8 13. Kb1 b6 14. Rh2 Bb7 15.
d5 Nf6 16. Nd2 Bc8 17. f3 Qe7 18. g4 a6 19. Bd3 Rb8 20. Rdh1 Bd7 21. Bf5 b5 22.
Bxd7 Nxd7 23. Nce4 bxc4 24. Nxc4 Nf6 25. Ng3 e4 26. Nf5 Qd7 27. Nxg7 Kxg7 28.
Rxh6 Rh8 29. Rxh8 Rxh8 30. Rxh8 Kxh8 31. Qc3 Kg7 32. Nd2 Kg6 33. Qc4 exf3 34.
gxf3 Qe8 35. Qd3+ Kh6 36. Qf5 Qe5 37. Qxe5 dxe5 38. e4 Nd7 39. Kc2 Kg6 40. Kc3
Nc5 41. b4 Nb7 42. Nb3 Nd6 43. a4 Kf6 44. Nc5 Ke7 45. Nxa6 Kd8 46. Nc5 Ke7 47.
Na6 Kd8 48. Nc5 Kc8 49. b5 Ne8 50. a5 f6 51. a6 Kb8 52. Ne6 Ka7 53. Kb4 Kb6 54.
Nf8 Ka7 55. Kc5 Nd6 56. Kc6 f5 57. exf5 e4 58. fxe4 Nxe4 59. Kxc7 Nc5 60. Kc6
1-0

[Event "Prvenstvo SSFBiH 2015"]
[Site "Lukavac"]
[Date "2016.04.01"]
[Round "2.7"]
[White "Budimir, Boris"]
[Black "Arnaut, Armin"]
[Result "0-1"]
[WhiteElo "2249"]
[BlackElo "2048"]
[PlyCount "54"]
[EventDate "2016.03.31"]

1. e4 c5 2. Nf3 Nc6 3. d4 cxd4 4. Nxd4 g6 5. Nc3 Bg7 6. Be3 Nf6 7. Nb3 O-O 8.
Be2 a5 9. a4 d6 10. f4 Nb4 11. Bf3 Be6 12. O-O Bc4 13. Rf2 e6 14. Rd2 d5 15. e5
Nd7 16. Nc5 Qb6 17. Nxd7 Qxe3+ 18. Rf2 Rfd8 19. Nf6+ Bxf6 20. exf6 d4 21. Nb5
d3 22. c3 Nc2 23. Rb1 d2 24. Nd4 Nxd4 25. cxd4 Rxd4 26. b3 Ba6 27. g3 Rc8 0-1

[Event "Prvenstvo SSFBiH 2015"]
[Site "Lukavac"]
[Date "2016.04.01"]
[Round "2.8"]
[White "Salkic, Midhat"]
[Black "Obad, Andrija"]
[Result "0-1"]
[WhiteElo "2028"]
[BlackElo "2238"]
[PlyCount "124"]
[EventDate "2016.03.31"]

1. e4 c5 2. d4 cxd4 3. c3 dxc3 4. Nxc3 Nc6 5. Nf3 d6 6. Bc4 a6 7. O-O Nf6 8. h3
e6 9. Qe2 Be7 10. Rd1 Qc7 11. Bf4 Ne5 12. Bxe5 dxe5 13. Rac1 Qb8 14. a4 O-O 15.
g4 b6 16. Nh2 Rd8 17. g5 Nd7 18. h4 Nf8 19. Rxd8 Bxd8 20. Qd2 Be7 21. h5 Bb7
22. Nf3 Qd8 23. Qe3 Bc5 24. Qe2 Bd4 25. Kh2 Qe7 26. Rg1 Qc5 27. g6 fxg6 28.
hxg6 h6 29. Nd1 Qe7 30. Rg3 Qf6 31. Ne3 Bxe4 32. Nxd4 Qh4+ 33. Rh3 Qf4+ 34. Kg1
exd4 35. Ng2 Qf5 36. Rg3 Bd5 37. Bd3 Qf6 38. f4 b5 39. a5 Rc8 40. Qd2 Rc5 41.
b4 Rc3 42. Ne1 Be4 43. Kf2 Bxg6 44. Rf3 Qh4+ 45. Kf1 Qh1+ 46. Kf2 Bxd3 47. Rxd3
Qh4+ 48. Kg2 Ng6 49. Rxc3 dxc3 50. Qxc3 Nxf4+ 51. Kf1 Qh1+ 52. Kf2 Qh2+ 53. Kf1
Qe2+ 54. Kg1 Qe4 55. Kf2 Nd5 56. Qb2 Qxb4 57. Qe2 Qh4+ 58. Kg1 Qd4+ 59. Kh2
Qf4+ 60. Kh1 Qe3 61. Qf1 Nf4 62. Ng2 Qh3+ 0-1

[Event "Prvenstvo SSFBiH 2015"]
[Site "Lukavac"]
[Date "2016.04.01"]
[Round "2.9"]
[White "Trumic, Enes"]
[Black "Mahmutbegovic, Muharem"]
[Result "1-0"]
[WhiteElo "2232"]
[BlackElo "2024"]
[PlyCount "93"]
[EventDate "2016.03.31"]

1. d4 Nf6 2. c4 g6 3. Nc3 Bg7 4. Nf3 O-O 5. g3 d6 6. Bg2 Nc6 7. d5 Na5 8. Nd2
b6 9. b4 Nb7 10. Bb2 a5 11. a3 Bd7 12. O-O Qc8 13. Re1 Bh3 14. Bh1 h5 15. Nf3
Nh7 16. Qd2 Qg4 17. e4 e5 18. Nb5 Rac8 19. Nh4 Qg5 20. Qd3 f5 21. f4 exf4 22.
Bxg7 Kxg7 23. Nd4 Nd8 24. Ndf3 Qf6 25. gxf4 Kh8 26. Qd4 Qxd4+ 27. Nxd4 Rg8 28.
Kf2 Nf7 29. Bf3 Nh6 30. Bxh5 Ng4+ 31. Ke2 Nxh2 32. Nxg6+ Kg7 33. Ne7 Kh6 34.
Nxg8+ Kxh5 35. Rh1 Bg4+ 36. Kf2 Rxg8 37. Rxh2+ Kg6 38. Ne6 Nf6 39. bxa5 bxa5
40. Rb1 Nxe4+ 41. Ke3 Rc8 42. Rb7 Ng3 43. Kd3 Nh5 44. c5 dxc5 45. Kc4 Nf6 46.
Rxc7 Rb8 47. Rg7# 1-0

[Event "Prvenstvo SSFBiH 2015"]
[Site "Lukavac"]
[Date "2016.04.01"]
[Round "2.11"]
[White "Softic, Kasim"]
[Black "Jakovljevic, Vlado"]
[Result "0-1"]
[WhiteElo "1886"]
[BlackElo "2403"]
[PlyCount "74"]
[EventDate "2016.03.31"]

1. e4 c5 2. Nf3 d6 3. d4 cxd4 4. Nxd4 Nf6 5. Nc3 a6 6. a4 Nc6 7. Be3 e6 8. Be2
Be7 9. O-O O-O 10. Kh1 Qc7 11. Qd2 Bd7 12. Nb3 b6 13. f3 Bc8 14. Nd1 d5 15.
exd5 Nxd5 16. c3 Nxe3 17. Qxe3 Bd6 18. g3 Bb7 19. Nf2 Rfd8 20. Ne4 Be7 21. Rad1
Ne5 22. h3 Nc4 23. Qc1 f5 24. Bxc4 Qxc4 25. Ned2 Qc7 26. Kh2 e5 27. Qc2 g6 28.
Nb1 Rxd1 29. Qxd1 Rd8 30. Qe2 Bf6 31. Rd1 Rxd1 32. Qxd1 Qc6 33. N3d2 Kg7 34.
Qb3 e4 35. fxe4 fxe4 36. Qc4 e3 37. Qf1 e2 0-1

[Event "Prvenstvo SSFBiH 2015"]
[Site "Lukavac"]
[Date "2016.04.01"]
[Round "2.12"]
[White "Mesic, Vehid"]
[Black "Rosic, Slavko S"]
[Result "0-1"]
[WhiteElo "1999"]
[BlackElo "2230"]
[PlyCount "110"]
[EventDate "2016.03.31"]

1. e4 c6 2. d4 d5 3. e5 Bf5 4. g4 Bg6 5. h4 h6 6. h5 Bh7 7. e6 fxe6 8. Bd3 Bxd3
9. Qxd3 Qd6 10. Qg6+ Kd8 11. Nf3 Nd7 12. Nc3 e5 13. dxe5 Nxe5 14. Nxe5 Qxe5+
15. Be3 Qf6 16. Qd3 e6 17. O-O-O Qf7 18. Na4 Nf6 19. f3 Nd7 20. Qb3 b5 21. Nc3
Nc5 22. Bxc5 Bxc5 23. Ne4 Be7 24. Qc3 Kc7 25. Nc5 Bxc5 26. Qxc5 Rhe8 27. Rhe1
Qe7 28. Rxd5 Qxc5 29. Rxc5 Rad8 30. Rce5 Rf8 31. R1e3 Rd6 32. Rxe6 Rxe6 33.
Rxe6 Rxf3 34. Re7+ Kb6 35. Rxg7 Rf2 36. b4 Rf4 37. a3 a5 38. c3 a4 39. Rg6 Rf1+
40. Kc2 Rf2+ 41. Kd1 Rf1+ 42. Kd2 Rf2+ 43. Kd3 Rf3+ 44. Ke4 Rxc3 45. Rxh6 Rxa3
46. Rh8 Kb7 47. g5 Rg3 48. g6 a3 49. Rd8 c5 50. Kf5 Rg1 51. Rd2 cxb4 52. h6 b3
53. h7 b2 54. h8=Q b1=Q+ 55. Kf4 Qf1+ 0-1

[Event "Prvenstvo SSFBiH 2015"]
[Site "Lukavac"]
[Date "2016.04.01"]
[Round "2.13"]
[White "Nurkic, Husein"]
[Black "Zenelaj, Samuel"]
[Result "1-0"]
[WhiteElo "2218"]
[BlackElo "1691"]
[PlyCount "93"]
[EventDate "2016.03.31"]

1. e4 e6 2. d4 d5 3. Nd2 dxe4 4. Nxe4 Nd7 5. Nf3 Ngf6 6. Bd3 Nxe4 7. Bxe4 Nf6
8. Bd3 a6 9. O-O Be7 10. Qe2 O-O 11. c3 b6 12. Bf4 Bb7 13. Rad1 Nd5 14. Be5 Bd6
15. Qe4 f5 16. Qe2 Bxe5 17. Qxe5 Qf6 18. Qg3 Rf7 19. Ne5 Re7 20. Rfe1 Rae8 21.
a3 g5 22. Bf1 Rg7 23. Nd3 Qh6 24. Re5 Nf6 25. f3 f4 26. Qe1 Nd5 27. h3 Ne3 28.
Rxe3 fxe3 29. Qxe3 Qf6 30. Re1 Rge7 31. Ne5 h5 32. Bd3 Rg7 33. Bc4 b5 34. Bd3
Qf4 35. Bg6 Qxe3+ 36. Rxe3 Rc8 37. Bxh5 Bd5 38. Nd3 Re7 39. Re5 Rg7 40. Nc5 Rd8
41. Nxa6 c6 42. Nc5 Rd6 43. Kf2 Kf8 44. Kg3 Ke7 45. Ne4 Bxe4 46. fxe4 Kf6 47.
Rc5 1-0

[Event "Prvenstvo SSFBiH 2015"]
[Site "Lukavac"]
[Date "2016.04.01"]
[Round "2.14"]
[White "Dugonjic, Dragan"]
[Black "Mujacic, Haris"]
[Result "0-1"]
[WhiteElo "2079"]
[BlackElo "1853"]
[PlyCount "34"]
[EventDate "2016.03.31"]

1. e4 e6 2. d4 d5 3. Nd2 Nc6 4. Ngf3 Nf6 5. e5 Nd7 6. c3 f6 7. exf6 Qxf6 8. Bb5
Bd6 9. Nf1 O-O 10. Ng3 e5 11. O-O e4 12. Nd2 Ne7 13. Nb3 c6 14. Be2 Qh4 15. Be3
Nf5 16. Qd2 Nxe3 17. Qxe3 Bf4 0-1

[Event "Prvenstvo SSFBiH 2015"]
[Site "Lukavac"]
[Date "2016.04.01"]
[Round "2.15"]
[White "Nukic, Farik"]
[Black "Cosovic, Aziz"]
[Result "1/2-1/2"]
[WhiteElo "1762"]
[BlackElo "1995"]
[PlyCount "134"]
[EventDate "2016.03.31"]

1. d4 Nf6 2. Nf3 d5 3. Bf4 Nh5 4. Bg3 Nd7 5. Nbd2 Nb6 6. e3 Bg4 7. Be2 e6 8.
O-O Nxg3 9. fxg3 Bd6 10. e4 dxe4 11. Nxe4 Be7 12. c3 O-O 13. Ne5 Bf5 14. Bf3 f6
15. Nd3 c6 16. Qe2 Nd7 17. Rad1 Re8 18. g4 Bxe4 19. Bxe4 Bd6 20. Qc2 Nf8 21.
Rf3 f5 22. gxf5 Qh4 23. Ne5 exf5 24. Bxf5 Bxe5 25. dxe5 Rxe5 26. Rdf1 Qe7 27.
Bd3 Re1 28. Bc4+ Kh8 29. Qf2 Rxf1+ 30. Bxf1 Ng6 31. Rf7 Qd6 32. Qd4 Qxd4+ 33.
cxd4 Rb8 34. Kf2 Rf8 35. Rxf8+ Nxf8 36. Ke3 Nd7 37. Bc4 g6 38. Be6 Nb6 39. d5
cxd5 40. Kd4 Na8 41. Bxd5 Nc7 42. Bxb7 Kg7 43. Kc5 Kf6 44. Bf3 Ne6+ 45. Kc4 Ke5
46. b4 Nd4 47. Ba8 g5 48. a4 Ne6 49. b5 Kd6 50. Bf3 Nc5 51. Kb4 h6 52. a5 Nd3+
53. Kc4 Ne5+ 54. Kd4 Nd7 55. h3 Nc5 56. Kc4 Nd7 57. Kd4 Nc5 58. b6 axb6 59.
axb6 Nd7 60. Kc4 Nxb6+ 61. Kd4 Nd7 62. Ke4 Ne5 63. Kf5 Nf7 64. Kg6 Ke7 65. Bd5
Ne5+ 66. Kxh6 Kf6 67. Bb7 Ng6 1/2-1/2

[Event "Prvenstvo SSFBiH 2015"]
[Site "Lukavac"]
[Date "2016.04.01"]
[Round "2.16"]
[White "Kasumovic, Muhidin"]
[Black "Mujcinovic, Muharem"]
[Result "1-0"]
[WhiteElo "1989"]
[BlackElo "1783"]
[PlyCount "123"]
[EventDate "2016.03.31"]

1. e4 e5 2. Nf3 Nc6 3. Bc4 h6 4. O-O Bc5 5. c3 d6 6. b4 Bb6 7. d3 Nge7 8. Kh1
Ng6 9. Be3 Nce7 10. a4 d5 11. exd5 Bxe3 12. fxe3 Nxd5 13. Qb3 Be6 14. e4 Ndf4
15. g3 Bxc4 16. dxc4 Ne6 17. Na3 O-O 18. Rad1 Qe7 19. c5 Rad8 20. Nc4 Ng5 21.
Nxg5 Qxg5 22. Qc2 Qg4 23. Ne3 Qe6 24. Rd5 Ne7 25. Rdd1 a6 26. c4 Nc6 27. Qc3
Nd4 28. Rd2 Qh3 29. Rdf2 Rde8 30. Nd5 c6 31. Ne3 Re6 32. Nf5 Qg4 33. Re1 Rd8
34. Kg2 Qh5 35. h3 Qg6 36. Rd1 Rde8 37. Rb1 Rf6 38. Rbf1 Qh5 39. Nxd4 Rxf2+ 40.
Rxf2 exd4 41. Qxd4 Qg6 42. Re2 Re6 43. b5 Rf6 44. Qe5 Re6 45. Qf4 f5 46. e5 Qf7
47. h4 g6 48. Qxh6 Qc7 49. h5 Qf7 50. Qg5 Kg7 51. Kf3 Qd7 52. Rd2 Qf7 53. Rd6
axb5 54. axb5 cxb5 55. hxg6 Qe8 56. Qxf5 Rxe5 57. Rd7+ Kg8 58. Qf7+ Qxf7+ 59.
gxf7+ Kf8 60. cxb5 Rxc5 61. Rxb7 Rc4 62. g4 1-0

[Event "Prvenstvo SSFBiH 2015"]
[Site "Lukavac"]
[Date "2016.04.01"]
[Round "2.17"]
[White "Mutapcic, Nijaz"]
[Black "Sabic, Muris"]
[Result "0-1"]
[WhiteElo "1753"]
[BlackElo "1983"]
[PlyCount "114"]
[EventDate "2016.03.31"]

1. e3 Nf6 2. c4 g6 3. d4 Bg7 4. Nc3 d5 5. c5 O-O 6. Bd3 b6 7. b4 a5 8. bxa5
bxc5 9. dxc5 Ne4 10. Nxe4 Bxa1 11. Bd2 Bg7 12. Ng5 Ba6 13. Bb4 Nc6 14. Bxa6
Rxa6 15. a3 Nxb4 16. axb4 Bc3+ 17. Ke2 Bxb4 18. Qd4 h6 19. h4 Bxa5 20. N5h3 Rf6
21. f4 c6 22. g4 Bc7 23. f5 Qb8 24. Nf3 Qb5+ 25. Kf2 Rb8 26. Nf4 Qb2+ 27. Qxb2
Rxb2+ 28. Kf1 Bxf4 29. exf4 gxf5 30. g5 Re6 31. Ne5 Rxe5 32. fxe5 Rb1+ 33. Kg2
Rxh1 34. Kxh1 hxg5 35. hxg5 Kg7 36. Kg2 Kg6 37. Kf3 Kxg5 38. Kg3 f4+ 39. Kf3
Kf5 40. e6 fxe6 41. Kf2 Ke4 42. Ke2 Kd4 43. Kf3 e5 44. Kf2 Kxc5 45. Kf3 e6 46.
Kg4 Kd4 47. Kf3 c5 48. Ke2 e4 49. Kd2 c4 50. Kc2 e5 51. Kd2 f3 52. Ke1 Ke3 53.
Kf1 c3 54. Kg1 c2 55. Kh2 c1=Q 56. Kg3 Qg1+ 57. Kh4 Kf4 0-1

[Event "Prvenstvo SSFBiH 2015"]
[Site "Lukavac"]
[Date "2016.04.01"]
[Round "2.19"]
[White "Brcaninovic, Enes"]
[Black "Atlic, Mirza"]
[Result "0-1"]
[WhiteElo "1671"]
[BlackElo "1960"]
[PlyCount "40"]
[EventDate "2016.03.31"]

1. d4 Nf6 2. Nf3 g6 3. Bf4 Bg7 4. e3 O-O 5. Nc3 d6 6. Qd2 a5 7. O-O-O Na6 8. e4
Bd7 9. h3 b5 10. e5 b4 11. exf6 bxc3 12. Qxc3 Bxf6 13. Bh6 Nb4 14. Kb1 Re8 15.
a3 Nd5 16. Qd2 Qb8 17. Bc4 Qb7 18. Ne5 dxe5 19. dxe5 Bxe5 20. Bxd5 Qxb2# 0-1

[Event "Prvenstvo SSFBiH 2015"]
[Site "Lukavac"]
[Date "2016.04.01"]
[Round "2.20"]
[White "Harcin, Amer"]
[Black "Kustura, Hajrudin"]
[Result "1-0"]
[WhiteElo "1953"]
[BlackElo "1616"]
[PlyCount "97"]
[EventDate "2016.03.31"]

1. d4 Nf6 2. c4 d5 3. Nc3 e6 4. cxd5 exd5 5. Bg5 Be7 6. e3 a6 7. Bd3 Nc6 8. a3
h6 9. Bh4 O-O 10. Qc2 Be6 11. Nge2 Qd7 12. O-O Ne8 13. Bxe7 Nxe7 14. Na4 b6 15.
Nf4 Bf5 16. Bxf5 Nxf5 17. Rac1 Ra7 18. Nd3 f6 19. Nf4 Rf7 20. Nc3 Ne7 21. Qb3
c6 22. Qxb6 Rb7 23. Qxa6 Rxb2 24. Na4 Nc7 25. Qd3 Rb8 26. Nc5 Qc8 27. a4 f5 28.
Rb1 Ra8 29. Qb3 g5 30. Nfd3 f4 31. Ne5 Rf5 32. e4 Rf6 33. Ncd7 Re6 34. Nb6 Qa6
35. Nxa8 Nxa8 36. Qb7 Qxb7 37. Rxb7 Kg7 38. Nxc6 Rxc6 39. Rxe7+ Kf6 40. exd5
Rd6 41. Re6+ Rxe6 42. dxe6 Kxe6 43. Rc1 Kd5 44. a5 Kd6 45. Rc8 Nc7 46. Rxc7
Kxc7 47. d5 Kb7 48. Kf1 Ka6 49. d6 1-0

[Event "Prvenstvo SSFBiH 2015"]
[Site "Lukavac"]
[Date "2016.04.01"]
[Round "2.21"]
[White "Mikic, Ivana"]
[Black "Hadziselimovic, Bernardina"]
[Result "0-1"]
[WhiteElo "1595"]
[BlackElo "1947"]
[PlyCount "114"]
[EventDate "2016.03.31"]

1. e4 g6 2. d4 Bg7 3. Nc3 d6 4. Nf3 Nf6 5. Bc4 O-O 6. h3 c6 7. O-O b5 8. Bd3 a6
9. Be3 Nbd7 10. Qd2 Bb7 11. Bh6 c5 12. Bxg7 Kxg7 13. d5 c4 14. Be2 b4 15. Nd1
Nxe4 16. Qd4+ Nef6 17. Bxc4 Nb6 18. Ne3 Nxc4 19. Qxc4 a5 20. Rfd1 Ba6 21. Qf4
Be2 22. Rd2 Bxf3 23. Qxf3 Rc8 24. a3 Qb6 25. axb4 Qxb4 26. c3 Qb5 27. Qe2 Qc5
28. Ra4 Qc7 29. Qb5 Ra8 30. Qd3 Rfc8 31. g4 Qd7 32. Ra1 a4 33. Qd4 h6 34. Nc4
Rc5 35. Nb6 Qb7 36. Nxa8 Rxd5 37. Qe3 Rxd2 38. Qxd2 Qxa8 39. Qd4 Qb7 40. Qd2
Qc6 41. Qc2 Qf3 42. Kh2 Ne4 43. Rf1 Ng5 44. Kg1 Qxh3 45. f4 Nf3+ 46. Rxf3 Qxf3
47. Qxa4 Qxg4+ 48. Kf2 h5 49. Qd4+ f6 50. Qe3 Kf7 51. b4 h4 52. b5 h3 53. Qe4
h2 54. Qd5+ Kg7 55. Qg2 Qxf4+ 56. Ke2 Qe5+ 57. Kd2 Qxb5 0-1

[Event "Prvenstvo SSFBiH 2015"]
[Site "Lukavac"]
[Date "2016.04.01"]
[Round "2.22"]
[White "Zenelaj, Fisnik"]
[Black "Hankic, Ramiz"]
[Result "1-0"]
[WhiteElo "1942"]
[BlackElo "1602"]
[PlyCount "65"]
[EventDate "2016.03.31"]

1. e4 Nc6 2. Nf3 g6 3. d4 d5 4. exd5 Qxd5 5. Nc3 Qd8 6. Bf4 Bg4 7. Bb5 e6 8. h3
Bxf3 9. Qxf3 Nge7 10. Be5 Rg8 11. Ne4 Bg7 12. Nf6+ Bxf6 13. Bxf6 Qd5 14. Bxc6+
Qxc6 15. Qe2 Qxg2 16. O-O-O Qc6 17. Rhe1 Nd5 18. Be5 O-O-O 19. c4 b5 20. c5 Nb6
21. Kb1 Na4 22. Qe3 Rd5 23. b3 Qb7 24. bxa4 bxa4+ 25. Ka1 Qc6 26. Rb1 f5 27.
Rb4 a5 28. Rb2 g5 29. Reb1 f4 30. Qd3 Rg6 31. Rb8+ Kd7 32. R1b7 Rxe5 33. dxe5+
1-0

[Event "Prvenstvo SSFBiH 2015"]
[Site "Lukavac"]
[Date "2016.04.01"]
[Round "2.24"]
[White "Lapo, Safet"]
[Black "Mesic, Ismet"]
[Result "1-0"]
[WhiteElo "1821"]
[BlackElo "1353"]
[PlyCount "111"]
[EventDate "2016.03.31"]

1. d4 d5 2. Bf4 Nf6 3. Nf3 e6 4. e3 c5 5. c3 Nc6 6. Nbd2 h6 7. Be2 Nh5 8. Bg3
Nxg3 9. hxg3 Bd6 10. Nb3 cxd4 11. exd4 Bc7 12. O-O O-O 13. Qc2 e5 14. dxe5 Nxe5
15. Nxe5 Bxe5 16. Rad1 Be6 17. Rd2 Qb6 18. Nd4 Rac8 19. Rfd1 Rfe8 20. Bf3 Rc4
21. Ne2 Bg4 22. Rxd5 Bxf3 23. gxf3 Qe6 24. Kg2 Bf6 25. Nf4 Qc6 26. Qf5 Ra4 27.
a3 Bg5 28. Nh3 Qe6 29. Qxe6 Rxe6 30. Nxg5 hxg5 31. Rxg5 Re2 32. Rb5 b6 33. Kf1
Re6 34. Rdd5 Rc4 35. Re5 Rf6 36. Kg2 a6 37. Rbd5 Rcc6 38. Re8+ Kh7 39. f4 Kg6
40. Kf3 Rcd6 41. Rd8 Rc6 42. Rh8 Rf5 43. Rxf5 Kxf5 44. Re8 a5 45. g4+ Kf6 46.
Ke3 Re6+ 47. Rxe6+ Kxe6 48. c4 Kd7 49. b4 Kc6 50. Kd4 axb4 51. axb4 Kd6 52. c5+
Kc6 53. cxb6 Kxb6 54. Kc4 Kc6 55. b5+ Kd6 56. Kd4 1-0

[Event "Prvenstvo SSFBiH 2015"]
[Site "Lukavac"]
[Date "2016.04.01"]
[Round "3.1"]
[White "Buljubasic, Sabahudin"]
[Black "Trumic, Enes"]
[Result "1-0"]
[WhiteElo "2342"]
[BlackElo "2232"]
[PlyCount "143"]
[EventDate "2016.03.31"]

1. e4 e5 2. Nf3 Nc6 3. Nc3 Nf6 4. g3 Bc5 5. Bg2 O-O 6. O-O d6 7. d3 a6 8. Be3
Bg4 9. h3 Bxe3 10. fxe3 Bxf3 11. Rxf3 d5 12. exd5 Nxd5 13. Qd2 Nb6 14. Raf1 Nc4
15. Qe1 Nd6 16. R3f2 Ne7 17. Kh2 c6 18. Na4 f5 19. e4 f4 20. gxf4 exf4 21. Rxf4
Rxf4 22. Rxf4 Ng6 23. Rf1 Nb5 24. Qe3 Qd6+ 25. Kh1 Rd8 26. Nc5 Qe7 27. c3 b6
28. Na4 Ne5 29. d4 Nd7 30. e5 Qe6 31. b3 Nc7 32. Qe4 b5 33. Nb2 Nd5 34. c4 Ne7
35. a4 Rb8 36. axb5 axb5 37. Nd3 bxc4 38. Nf4 Qh6 39. bxc4 Rf8 40. Kh2 g5 41.
Nd3 Rxf1 42. Bxf1 Qe6 43. Qg4 Qxg4 44. hxg4 Nb6 45. Nc5 Ng6 46. Kg3 Nf4 47. Kf3
Kf7 48. Ke4 Kg6 49. Ke3 h5 50. gxh5+ Kxh5 51. Ne4 Kg6 52. Ng3 Kf7 53. Kf3 Kg6
54. Kg4 c5 55. Ne4 cxd4 56. Nxg5 Nh5 57. Bd3+ Kh6 58. Nf3 Nd7 59. Kf5 Nc5 60.
Bb1 d3 61. Kg4 Ne4 62. Nd4 Ng7 63. Nf5+ Nxf5 64. Kxf5 d2 65. Bc2 Nc5 66. Kf6
Nd7+ 67. Kf5 Nc5 68. e6 Kg7 69. Ke5 Kf8 70. Kf6 Ne4+ 71. Bxe4 d1=Q 72. e7+ 1-0

[Event "Prvenstvo SSFBiH 2015"]
[Site "Lukavac"]
[Date "2016.04.01"]
[Round "3.2"]
[White "Bucan, Eldin"]
[Black "Trkulja, Goran"]
[Result "0-1"]
[WhiteElo "2172"]
[BlackElo "2311"]
[PlyCount "76"]
[EventDate "2016.03.31"]

1. e4 c5 2. Nf3 e6 3. d4 cxd4 4. Nxd4 Bc5 5. Be3 Qb6 6. Nc3 Nc6 7. Na4 Qa5+ 8.
c3 Bxd4 9. Bxd4 Nxd4 10. Qxd4 Nf6 11. Nc5 b6 12. Nb3 Qg5 13. g3 Bb7 14. Bg2 e5
15. Qb4 Rd8 16. Rd1 Qg4 17. O-O Qe6 18. f4 Qe7 19. Qxe7+ Kxe7 20. fxe5 Ng4 21.
Nd4 g6 22. Nb5 Ba6 23. Nc7 Bxf1 24. Nd5+ Kf8 25. Bxf1 Nxe5 26. Kf2 d6 27. Bh3
h5 28. Nc7 h4 29. Nb5 hxg3+ 30. Kxg3 Ke7 31. Rd5 Rh5 32. Nxa7 Rdh8 33. Nc8+ Kd8
34. Bf1 Kxc8 35. h3 Kc7 36. a4 Rg5+ 37. Kf4 Rg1 38. Bb5 Rxh3 0-1

[Event "Prvenstvo SSFBiH 2015"]
[Site "Lukavac"]
[Date "2016.04.01"]
[Round "3.3"]
[White "Arnaut, Armin"]
[Black "Sutkovic, Damir"]
[Result "1-0"]
[WhiteElo "2048"]
[BlackElo "2304"]
[PlyCount "63"]
[EventDate "2016.03.31"]

1. e4 c6 2. d4 d5 3. Nc3 dxe4 4. Nxe4 Nf6 5. Nxf6+ gxf6 6. g3 Bf5 7. Bg2 e6 8.
Nf3 Qc7 9. O-O Nd7 10. Nh4 Bg6 11. Qe2 O-O-O 12. a3 Nb6 13. c3 Kb8 14. f4 f5
15. b4 Bg7 16. Bf3 Rhe8 17. Bb2 Na4 18. Rfd1 Re7 19. Ng2 Red7 20. Ne3 f6 21. c4
Nxb2 22. Qxb2 e5 23. d5 exf4 24. c5 fxe3 25. d6 Qc8 26. b5 cxb5 27. Qxb5 f4 28.
Rdc1 Re8 29. c6 Rxd6 30. c7+ Ka8 31. Qxb7+ Qxb7 32. c8=Q+ 1-0

[Event "Prvenstvo SSFBiH 2015"]
[Site "Lukavac"]
[Date "2016.04.01"]
[Round "3.4"]
[White "Obad, Andrija"]
[Black "Pasalic, Adnan"]
[Result "1-0"]
[WhiteElo "2238"]
[BlackElo "2064"]
[PlyCount "95"]
[EventDate "2016.03.31"]

1. e4 e6 2. d4 d5 3. Nd2 c5 4. Ngf3 Nf6 5. exd5 exd5 6. Bb5+ Bd7 7. Bxd7+ Nbxd7
8. O-O Be7 9. dxc5 Nxc5 10. Nb3 Nce4 11. Be3 O-O 12. a4 Qc7 13. h3 Rfd8 14.
Nbd4 Bc5 15. Qd3 a6 16. c3 Rac8 17. Rfd1 Ba7 18. a5 Bb8 19. Ne2 Qe7 20. Qc2 h6
21. Rd3 Re8 22. Nf4 Bxf4 23. Bxf4 g5 24. Be5 Red8 25. Re1 Qc5 26. Rde3 Nd7 27.
Bd4 Qxa5 28. Nd2 Nf8 29. Nxe4 dxe4 30. Rxe4 Qf5 31. Qb3 Qd5 32. Qd1 Qf5 33. Re7
Rd7 34. R7e5 Qg6 35. Re8 Rdd8 36. R8e7 b5 37. Qf3 Rd6 38. Re8 Rdd8 39. R8e7 Rd6
40. Qb7 Rcd8 41. Re8 R6d7 42. Qf3 Kh7 43. Bf6 Rd3 44. R8e3 Rxe3 45. Rxe3 Rd6
46. Be7 Nd7 47. Bxd6 Qxd6 48. Qxf7+ 1-0

[Event "Prvenstvo SSFBiH 2015"]
[Site "Lukavac"]
[Date "2016.04.01"]
[Round "3.5"]
[White "Jakovljevic, Vlado"]
[Black "Nurkic, Husein"]
[Result "1-0"]
[WhiteElo "2403"]
[BlackElo "2218"]
[PlyCount "57"]
[EventDate "2016.03.31"]

1. Nf3 d5 2. d4 Nf6 3. c4 e6 4. Nc3 dxc4 5. e3 a6 6. a4 c5 7. Bxc4 Nc6 8. O-O
Be7 9. Qe2 O-O 10. Rd1 Qc7 11. dxc5 Bxc5 12. h3 h6 13. e4 e5 14. Be3 Bxe3 15.
Qxe3 Nb4 16. Bb3 Re8 17. Rac1 Qa5 18. Nd2 Be6 19. Bxe6 Rxe6 20. Nc4 Qc7 21. Nd5
Nbxd5 22. exd5 Ree8 23. Nb6 Qd6 24. Nxa8 Rxa8 25. Qc5 Rd8 26. Qxd6 Rxd6 27.
Rc8+ Kh7 28. Rc7 Rb6 29. d6 1-0

[Event "Prvenstvo SSFBiH 2015"]
[Site "Lukavac"]
[Date "2016.04.01"]
[Round "3.6"]
[White "Mujacic, Haris"]
[Black "Boric, Muhamed"]
[Result "0-1"]
[WhiteElo "1853"]
[BlackElo "2394"]
[PlyCount "98"]
[EventDate "2016.03.31"]

1. d4 Nf6 2. Bg5 d5 3. e3 c6 4. c4 dxc4 5. Bxf6 exf6 6. Bxc4 Bd6 7. Qb3 O-O 8.
Nf3 Nd7 9. O-O f5 10. Nc3 Qe7 11. Rfe1 Nf6 12. Nd2 b5 13. Be2 Be6 14. Qc2 Rac8
15. e4 b4 16. e5 bxc3 17. exd6 Qxd6 18. bxc3 c5 19. Qa4 cxd4 20. cxd4 Rfd8 21.
Nf3 Rc7 22. Rac1 g6 23. Bc4 Bxc4 24. Rxc4 Rdc8 25. Rec1 Qf4 26. h3 Qxc1+ 27.
Rxc1 Rxc1+ 28. Kh2 R8c7 29. Qa5 Kg7 30. Qe5 Rd7 31. Qa5 Rb7 32. Qe5 Rc2 33. a4
Rxf2 34. d5 Rbb2 35. d6 Rxg2+ 36. Kh1 Rge2 37. Qd4 Rb1+ 38. Ng1 Re4 39. Qxa7
Rd1 40. Kg2 Rd2+ 41. Kf3 Rxd6 42. Qc5 Rd3+ 43. Kf2 Rxa4 44. Qe5 Ra2+ 45. Ke1
Rb3 46. Ne2 Rb1+ 47. Kf2 Rbb2 48. Kg3 Rxe2 49. Qc3 g5 0-1

[Event "Prvenstvo SSFBiH 2015"]
[Site "Lukavac"]
[Date "2016.04.01"]
[Round "3.7"]
[White "Vajic, Goran"]
[Black "Salkic, Mahir"]
[Result "1-0"]
[WhiteElo "2306"]
[BlackElo "2137"]
[PlyCount "117"]
[EventDate "2016.03.31"]

1. d4 Nf6 2. Nf3 g6 3. Nc3 d5 4. Bf4 Bg7 5. e3 c6 6. Be2 O-O 7. Ne5 Nbd7 8. h4
Nxe5 9. Bxe5 Ne4 10. Nxe4 Bxe5 11. Nc5 Bg7 12. f4 e5 13. Qd2 exd4 14. exd4 Re8
15. O-O-O b6 16. Nb3 Qf6 17. Bf3 Bf5 18. g3 Be4 19. Bxe4 Rxe4 20. Rhe1 Rae8 21.
Rxe4 Rxe4 22. Re1 c5 23. Rxe4 dxe4 24. Qe3 c4 25. Nd2 Qxd4 26. Qxd4 Bxd4 27.
Nxe4 f5 28. Nd2 Bf2 29. Nf1 Kf7 30. Kd2 Ke6 31. Ke2 Bd4 32. c3 Bf6 33. Ne3 b5
34. Kf3 a5 35. a4 b4 36. cxb4 axb4 37. Nxc4 Kd5 38. b3 Kd4 39. a5 Kc3 40. a6
Bd4 41. Na5 Bb6 42. g4 Kc2 43. h5 Kc3 44. gxf5 gxf5 45. h6 Kd4 46. a7 Bxa7 47.
Nc6+ Kc3 48. Nxa7 Kxb3 49. Ke3 Kc2 50. Nb5 b3 51. Nd4+ Kc3 52. Nxb3 Kxb3 53.
Kd4 Kb4 54. Ke5 Kc5 55. Kxf5 Kd5 56. Kf6 Kd6 57. f5 Kd7 58. Kg7 Ke7 59. f6+ 1-0